000 00635nam a2200229Ia 4500
003 GCL
008 140319s9999 xx 000 0 ara d
040 _aGCL /
_cGCL
082 0 4 _a398.2
_bف م
100 1 _aفاروق خورشيد
245 1 0 _aالموروث الشعبى /
_cفاروق خورشيد
260 _a[S.N] :
_bدار الشروق ،
_c1992
300 _a234 ص
490 _a
650 0 4 _aالادب الشعبى
650 0 4 _aالخرافات
650 0 4 _aالف ليلة وليلة
650 0 4 _aالاساطير
650 0 4 _aالقصص الشعبية
650 0 4 _aالكهنوت
942 _2ddc
_cBK
999 _c30494
_d30494